The Tom Peters seminar : crazy times call for crazy organizations.
| Main Author: | |
|---|---|
| Format: | Book |
| Published: |
London:
Pan MacMillan,
1994.
|
| Subjects: |
| LEADER | 00462cam a2200157 7i4500 | ||
|---|---|---|---|
| 001 | 0000004308 | ||
| 005 | 19991025090000.0 | ||
| 002 | ##000005783 | ||
| 020 | 0 | 0 | |a 0-330-33994-X |
| 090 | 0 | 0 | |a B 658.5416 |b PET |
| 100 | 1 | 0 | |a Peters |
| 245 | 1 | 0 | |a The Tom Peters seminar : |b crazy times call for crazy organizations. |
| 260 | 0 | 0 | |a London: |b Pan MacMillan, |c 1994. |
| 300 | 0 | 0 | |a 320 p.. |
| 650 | 0 | 0 | |a Business communication |
| 999 | |a 0000006277 |b Book |c Open shelf |e Business Information Centre | ||


